000 00737nam a22001937a 4500
999 _c176106
_d176106
005 20201109125140.0
010 _aUR-10923
020 _c250.00
_a9789389733037
035 _aU-9478
037 _bDBAD/PUB
082 _a921
100 _aتا ليف: خو ر شيد خو ر شيد ا نو ا ر عا ر فی
245 _aمير ے شب و ر و ز
_cتا ليف: خو ر شيد ا نو ا ر عا ر فی
246 _bMere Shab-o-Roz (Urdu)
_aby Khursheed Anwar Arifi
260 _aN.Delhi
_bEducational Publishing House
_c2019 ء
270 _aH.O.D1/16,Ansari Road,Darya ganj,
_bN.Delhi
_e110002
_k45678285,23216162
_l0091-11-23211540
300 _a220 ص
_c22 Cm(Hb)
942 _2ddc
_cUR
_h921
_mخ و ر